| 000 | 00917nam a2200253 i 4500 | ||
|---|---|---|---|
| 001 | 106462 | ||
| 003 | ES-MaACL | ||
| 005 | 20250812062525.0 | ||
| 007 | t| | ||
| 008 | 221106s1960 sp |||| | spa d | ||
| 080 | _a321.7 | ||
| 100 | 1 |
_aCalvo Serer, Rafael, _d1916-1988 _933911 |
|
| 245 | 1 | 0 |
_aNuevas formas de democracia y libertad / _cRafael Calvo Serer. |
| 260 |
_aMadrid : _bAteneo, _c1960. |
||
| 300 |
_a58 p. ; _c19 cm. |
||
| 490 | 1 |
_aColección "O crece o muere" ; _v145 |
|
| 500 | _aEste trabajo fue dado a conocer por su autor en una conferencia celebrada en el Ateneo Mercantil de Valencia, el día 31 de marzo de 1960 -- Verso portada. | ||
| 650 | 7 |
_aDemocracia _2embne _911574 |
|
| 710 | 2 |
_aAteneo de Madrid. _91875 |
|
| 710 | 2 |
_aAteneo Mercantil (Valencia) _92050 |
|
| 830 | 0 | 0 |
_aColección "O crece o muere" _v145 _9183476 |
| 852 |
_aES-MaACL _j2207-F-18 |
||
| 999 |
_c106462 _d106462 |
||